Rappers by Picture #2 - Statistics

General Stats
  • This quiz has been taken 126 times
  • The average score is 4 of 10
Answer Stats
Picture Answer % Correct
Snoop Dogg
99%
50 Cent
89%
Macklemore
74%
Ludacris
66%
DMX
36%
Andre 3000
35%
Nas
25%
Adam Yauch
8%
GZA
6%
Joseph Simmons
2%
No matching quizzes found
Score Distribution
Percent of People with Each Score
Percentile by Number Answered
Your Score History
You have not taken this quiz